| 000 | 00670nam a22001937a 4500 | ||
|---|---|---|---|
| 003 | BD-DhUL | ||
| 005 | 20180531100850.0 | ||
| 008 | 170320s1310 ii ||||| |||| 00| 0 ara d | ||
| 040 |
_aBD-DhUL _cBD-DhUL |
||
| 082 |
_a492.75 _bSUI |
||
| 100 | 1 | _aالسیوطی، جلال الدین۔ | |
| 245 | 0 | 0 |
_aالاقتراح فی علم اصول النحو / _cجلال الدین السیوطی۔ |
| 246 | _aAl-Iftirāḥ fī 'Ilm Uṣūl al-Naḥū | ||
| 250 | _a۱ ط۔ | ||
| 260 |
_aحیدرآباد دکن : _bمطبعة دائرۃ المعارف، _c۱۳۱۰۔ |
||
| 300 |
_aص۔ ۱۰۲ ؛ _c۲۸ سم۔ |
||
| 650 | 4 |
_aArabic language _xGrammar. |
|
| 942 |
_2ddc _cBK |
||
| 999 |
_c212289 _d212289 |
||